Normal view MARC view
  • Coupland, Nikolas,

Entry Personal Name

Number of records used in: 2

001 - CONTROL NUMBER

  • control field: 41907

003 - CONTROL NUMBER IDENTIFIER

  • control field: DLC

005 - DATE AND TIME OF LATEST TRANSACTION

  • control field: 20181105124850.0

008 - FIXED-LENGTH DATA ELEMENTS

  • fixed length control field: 880822n| azannaab |a aaa

010 ## - LIBRARY OF CONGRESS CONTROL NUMBER

  • LC control number: n 88026902

040 ## - CATALOGING SOURCE

  • Original cataloging agency: DLC
  • Language of cataloging: eng
  • Description conventions: rda
  • Transcribing agency: DLC
  • Modifying agency: DLC
  • Modifying agency: EG-ScBUE

100 1# - HEADING--PERSONAL NAME

  • Personal name: Coupland, Nikolas,
  • Dates associated with a name: 1950-

400 1# - SEE FROM TRACING--PERSONAL NAME

  • Personal name: Coupland, N.
  • Fuller form of name: (Nikolas),
  • Dates associated with a name: 1950-

670 ## - SOURCE DATA FOUND

  • Source citation: English in Wales, c1989:
  • Information found: CIP t.p. (Nikolas Coupland) pub. info. (founding dir., Centre for Applied English Lang. Studies, Univ. of Wales Coll. of Cardiff) data sheet (b. 2/13/50)

670 ## - SOURCE DATA FOUND

  • Source citation: Multiple goals in discourse, c1990:
  • Information found: t.p. (Nikolas Coupland) spine (N. Coupland)

670 ## - SOURCE DATA FOUND

  • Source citation: Sociolinguistics, 2009:
  • Information found: t.p. (edited by Nikolas Coupland)

670 ## - SOURCE DATA FOUND

  • Source citation: Sociolinguistics from the periphery, [2016]
  • Information found: ECIP t.p. (Nikolas Coupland, Copenhagen University)

670 ## - SOURCE DATA FOUND

  • Source citation: Sociolingustics, 2016:
  • Information found: t.p. (Nikolaus Coupland) 1st prelim. page (and elected fellow of both the UK Academy of Social Sciences and the Australian Academy of the Humanities)